000 00740nam a2200169Ia 4500
008 090711s9999 xx 000 0 und d
082 _b50235
100 _aअदवंत म. ना. / खांडेकर भालSांद्र
245 _aज्ञानेश्वरी (अध्याय 16)
260 _bअनमोल प्रकाशन
_c1969
300 _a179
600 _aअदवंत म. ना. / खांडेकर भालSांद्र
630 _aज्ञानेश्वरी (अध्याय 16)
700 _aअदवंत म. ना. / खांडेकर भालSांद्र
730 _aज्ञानेश्वरी (अध्याय 16)
942 _cBOOK
999 _c325796
_d325796